书目信息 |
| 题名: |
Photoshop Lightroom Classic CC摄影师专业技法
|
|
| 作者: | 凯尔比 著 ;牟海晶 译 | |
| 分册: | ||
| 出版信息: | 北京 人民邮电出版社 2020.07 |
|
| 页数: | 315页 | |
| 开本: | 23cm | |
| 丛书名: | ||
| 单 册: | ||
| 中图分类: | TP391.413 | |
| 科图分类: | ||
| 主题词: | 图象处理软件--tu xiang chu li ruan jian | |
| 电子资源: | ||
| ISBN: | 978-7-115-53302-9 | |
| 000 | 01262nam0 2200265 450 | |
| 001 | 202020141088 | |
| 005 | 20200926181358.0 | |
| 010 | @a978-7-115-53302-9@dCNY128.00 | |
| 100 | @a20200919d2020 em y0chiy50 ea | |
| 101 | 1 | @achi@ceng |
| 102 | @aCN@b110000 | |
| 105 | @aa z 000yy | |
| 106 | @ar | |
| 200 | 1 | @aPhotoshop Lightroom Classic CC摄影师专业技法@f(美) 斯科特·凯尔比著@APhotoshop Lightroom Classic CCshe ying shi zhuan ye ji fa@fScott Kelby@g牟海晶译 |
| 210 | @a北京@c人民邮电出版社@d2020.07 | |
| 215 | @a315页@c彩图@d23cm | |
| 306 | @a由美国New Riders授权出版 | |
| 314 | @a斯科特·凯尔比, 是畅销摄影后期技法丛书的作者, 也是《Photoshop User》《Lightroom》杂志的主编。 | |
| 330 | @a本书是一本以清晰、准确而直观的方法介绍整个Lightroom工作流程的书籍。读者在阅读之后, 就可以了解在Lightroom中怎样导入照片、分类和组织照片、编辑照片、局部调整照片、校正数码照片问题、导出图像、将照片转到Photoshop进行编辑、创建漂亮的相册、打印照片、制作小视频等方面的技巧与方法, 了解专业人士所采用的照片处理工作流。 | |
| 606 | 0 | @a图象处理软件@Atu xiang chu li ruan jian |
| 690 | @aTP391.413@v5 | |
| 701 | 1 | @a凯尔比@Akai er bi@g(Kelby, Scott)@4著 |
| 702 | 0 | @a牟海晶@Amou hai jing@4译 |
| 801 | 0 | @aCN@c20200715 |
| 905 | @a河南城建学院图书馆@dTP391.413@eK160 | |
| Photoshop Lightroom Classic CC摄影师专业技法/(美) 斯科特·凯尔比著/Scott Kelby/牟海晶译.-北京:人民邮电出版社,2020.07 |
| 315页:彩图;23cm |
| ISBN 978-7-115-53302-9:CNY128.00 |
| 本书是一本以清晰、准确而直观的方法介绍整个Lightroom工作流程的书籍。读者在阅读之后, 就可以了解在Lightroom中怎样导入照片、分类和组织照片、编辑照片、局部调整照片、校正数码照片问题、导出图像、将照片转到Photoshop进行编辑、创建漂亮的相册、打印照片、制作小视频等方面的技巧与方法, 了解专业人士所采用的照片处理工作流。 |
| ● |
| 相关链接 |
|
|
|
正题名:Photoshop Lightroom Classic CC摄影师专业
索取号:TP391.413/K160
 
预约/预借
| 序号 | 登录号 | 条形码 | 馆藏地/架位号 | 状态 | 备注 |
| 1 | 1491223 | 214912237 | 自科库301/301自科库 105排1列5层/ [索取号:TP391.413/K160] | 在馆 |